000 00449nam a22001697a 4500
005 20251108172555.0
008 250721s9999 xx 000 0 eng d
082 1 4 _a540.112BUR
100 1 _aBurckard, Titus
245 1 0 _aAlchemy : science of the comos' science of the soul /
264 1 _aLouisville :
_bfons Vita,
300 _a206 p
650 1 7 _aAlchemy
700 1 _aStoddart, William
_ejoint outher
942 _2ddc
_cBK
999 _c82925
_d82925